Random Cities Near Málaga on a Map - Statistics

General Stats
  • This quiz has been taken 94 times
  • The average score is 6 of 10
Answers on the Map
Answers color-coded by a green-red scale on the quiz's map according to % correct below.
 
Answer Stats
City % Correct
Barcelona
100%
Lisbon
100%
Madrid
100%
Bilbao
92%
Algiers
89%
Valéncia
89%
Donostia
88%
Seville
88%
Granada
83%
Marseille
83%
Zaragoza
83%
Casablanca
80%
Nice
78%
Rabat
75%
Toulouse
73%
Palma
69%
Tunis
69%
Alicante
67%
Cagliari
67%
Lyon
67%
Bordeaux
64%
Tangier
62%
Montpellier
57%
Murcia
56%
Marrakesh
50%
Agadir
38%
Meknès
38%
Toulon
38%
Avignon
33%
Oran
33%
Oujda
30%
Constantine
29%
Fès
25%
Salé
20%
Nantes
18%
Grenoble
13%
Kénitra
0%
No matching quizzes found
Score Distribution
Percent of People with Each Score
Percentile by Number Answered
Your Score History
You have not taken this quiz